Counting Entertainment Groups Quiz Stats

 Plays Quiz Updated May 23, 2016

Challenge
Share
Tweet
Embed
Score 0/50 Timer 06:00
1 Play Today
% Correct
Paul McCartney
94.9%
John Lennon
94.8%
Fear
94.2%
Anger
94.1%
George Harrison
93.8%
Disgust
93.5%
Ringo Starr
93.4%
Charlie Bucket
93.2%
Sadness
93.1%
Augustus Gloop
92.5%
Joy
92.5%
Violet Beauregarde
92.2%
Joey
92%
Monica
91.6%
Blinky
91.6%
Rachel
91.5%
Ross
91.4%
Inky
91.3%
Phoebe
91.2%
Chandler
90.9%
Professor X
90.9%
Veruca Salt
90.1%
Bubbles
90.1%
Buttercup
90%
Cindy
90%
% Correct
Blossom
89.9%
Pinky
89.4%
Jesse Katsopolis
89.3%
Cyclops
89%
Greg
89%
Danny Tanner
88.9%
Bobby
88.7%
Mike
88.5%
Iceman
88.5%
Peter
88.4%
The Human Torch
88.3%
Joey Gladstone
88.3%
Carol
88.3%
Jan
88.1%
Marcia
88%
Mike Teavee
87.6%
Tia
86.2%
Tamera
86.1%
Invisible Woman
85.9%
Mr. Fantastic
85.6%
Beast
84.1%
Marvel Girl
83.7%
The Thing
81.5%
Clyde
76.7%
Angel
70.1%

You're not logged in!

Compare scores with friends on all Sporcle quizzes.
OR
Log In

You Might Also Like...

Show Comments

Extras

Top Quizzes Today


Score Distribution

Your Account Isn't Verified!

In order to create a playlist on Sporcle, you need to verify the email address you used during registration. Go to your Sporcle Settings to finish the process.

Report this User

Report this user for behavior that violates our Community Guidelines.

Details: